Catálogo

INTRODUCCION A LA ADMINISTRACION : (Registro nro. 61133)

Detalles MARC
000 -LEADER
fixed length control field 00494nam a2200169 a 4500
001 - CONTROL NUMBER
control field 61133
005 - DATE AND TIME OF LATEST TRANSACTION
control field 20180714062641.0
008 - FIXED-LENGTH DATA ELEMENTS--GENERAL INFORMATION
fixed length control field 140415s1980 000 0 spa d
041 ## - LANGUAGE CODE
Language code of text/sound track or separate title spa
082 ## - DEWEY DECIMAL CLASSIFICATION NUMBER
Classification number 658.4
Item number LUT
100 1# - MAIN ENTRY--PERSONAL NAME
Personal name LUTHANS, FRED
245 10 - TITLE STATEMENT
Title INTRODUCCION A LA ADMINISTRACION :
Remainder of title UN ENFOQUE DE CONTINGENCIAS
260 ## - PUBLICATION, DISTRIBUTION, ETC.
Place of publication, distribution, etc. [s.l.] :
Name of publisher, distributor, etc. LIBROS MCGRAW HILL DE MEXICO,
Date of publication, distribution, etc. 1980
300 ## - PHYSICAL DESCRIPTION
Extent 450
650 14 - SUBJECT ADDED ENTRY--TOPICAL TERM
Topical term or geographic name entry element ADMINISTRACION
700 1# - ADDED ENTRY--PERSONAL NAME
Personal name BARCENA MONTAÑEZ, AGUSTIN
Relator term tr.
Existencias
Withdrawn status Lost status Source of classification or shelving scheme Damaged status Not for loan Collection code Home library Current library Shelving location Date acquired Source of acquisition Inventory number Total Checkouts Full call number Barcode Date last seen Price effective from Koha item type
    Dewey Decimal Classification     General Biblioteca Karol Wojtyla Biblioteca Karol Wojtyla Sala general 03/12/2013 Compra 151000000000000000014762   658.4 LUT 9911 05/01/2026 03/12/2013 Libro
    Dewey Decimal Classification     General Biblioteca Karol Wojtyla Biblioteca Karol Wojtyla Sala general 03/12/2013 Compra 151000000000000000014768   658.4 LUT 9912 05/01/2026 03/12/2013 Libro